000 00295nam a22001337a 4500
008 170607b xxu||||| |||| 00| 0 eng d
020 _a0836205413
041 _aeng
080 _a94
100 _a18
101 _aSHH
245 _aABORTION AND SOCIAL JUSTICE
_cHILGERS,TH.W
942 _2udc
_cBK
999 _c16329
_d16329